Praktická cvičení z lékařské fyziky

Podrobná bibliografia
Hlavný autor: Bílková, Bohumíra (Autor)
Médium: Kniha
Jazyk:neznámy jazyk
PhysicalDescription:65 s.
Vydavateľské údaje: Praha Státní pedagogické nakladatelství 1967

MARC

LEADER 00000nam a2200000 a 4500
001 vtls001261865
003 SK-MaSNL
005 20260416165337.0
008 240315s1967 xx 0 und
035 |a SNK000212748 
040 |a SNK  |b slo  |c SNK  |e AACR2 
100 1 |a Bílková, Bohumíra  |4 aut  |9 630654 
245 1 |a Praktická cvičení z lékařské fyziky 
260 |a Praha  |b Státní pedagogické nakladatelství  |c 1967 
300 |a 65 s. 
958 |a OND 
999 |c 970352  |d 972282 
952 |t P60, <04>, [BOOK], {604}  |a SNK  |b SNK  |y VYP  |7 0  |p 17A0011425  |o snkIB 19486 D1  |0 0  |1 1  |4 0  |d 1996-09-23  |l 0  |r 2005-01-01 00:00:00  |w 2026-02-24